000 00528nam a2200181Ia 4500
008 090124s9999 xx 000 0 und d
082 _b123838
100 _aमंगेशकर गीता
245 _a प्रायश्चित्त
250 _a1
260 _c1990
300 _a253
600 _aमंगेशकर गीता
630 _a प्रायश्चित्त
700 _aमंगेशकर गीता
730 _a प्रायश्चित्त
942 _cBOOK
999 _c169925
_d169925